000 00445nam a2200181Ia 4500
003 GCL
008 140319s9999 xx 000 0 ara d
040 _aGCL /
_cGCL
082 0 4 _aق
_b962.06
_bح ا
100 1 _aحسن عون
245 1 0 _aابرز ملاح ثورة 23 يوليو /
_cحسن عون
300 _a206 ص
490 _a
650 0 4 _aالعصر الحديث
650 0 4 _aمصر
650 0 4 _aتاريخ
942 _2ddc
_cBK
999 _c38227
_d38227